• 首页
  • 本馆介绍
  • 公告通知
  • 最新文献
  • 馆藏检索
  • 电子资源
  • 读者导购
  • 参考咨询
  • 我的图书馆
  • 登录
  • 详细信息显示
  • 放入我的书架
  • 预约/预借图书
  • 作者相关作品
  • 分类相关作品
  • 丛书相关作品
  • 出版社相关作品

书目信息

  • 表格格式
  • 工作单格式
  • 卡片格式
题名:
克雷默夫妇
    
 
作者: 中国电影出版社 编
分册:  
出版信息: 北京   中国电影出版社  1981.07
页数: 255页
开本: 21cm
丛书名: 外国影片研究丛书
单 册:
中图分类: I106.3
科图分类:
主题词: 文学--世界
电子资源:
ISBN:
000 00581nam0 2200217 45
001 0404261593
005 20070731091355.11
010    @dCNY1.10
091    @a8061.1601
100    @a20040426d1981 km y0chiy0120 ea
101 0  @achi
200 1  @a克雷默夫妇@AKe Lei Mo Fu Fu@f本社编@FBen She Bian
210    @a北京@c中国电影出版社@d1981.07
215    @a255页@d21cm
225    @a外国影片研究丛书
410    @12001 @a外国影片研究丛书
606 0  @a文学@x世界
690    @aI106.3@v3
701  0 @a中国电影出版社@4编
801    @aCN@bPftUser@c20070731
905    @dI106.3@e5@b72660-664@f5
    
    克雷默夫妇/本社编.-北京:中国电影出版社,1981.07
    255页;21cm.-(外国影片研究丛书)
    
    
    ISBN :CNY1.10
    
●
相关链接 在E读中查询图书 在五车中查询图书 在当当中查询图书 在豆瓣中查询图书


正题名:克雷默夫妇     索取号:I106.3/5         预约/预借

序号 登录号 条形码 馆藏地/架位号 状态 备注
1 0072660   000217544   第二借阅区/ [索取号:I106.3/5] 在馆    
2 0072661   000217535   第二借阅区/ [索取号:I106.3/5] 在馆    
3 0072662   000217599   第一样本阅览室/ [索取号:I106.3/5] 在馆    
4 0072663   000217571   第二借阅区/ [索取号:I106.3/5] 在馆    
5 0072664   000217580   第二借阅区/ [索取号:I106.3/5] 在馆    
6 0469972   204699727   密集书库/ [索取号:I106.3/5] 在馆    
7 0475211   204752115   密集书库/ [索取号:I106.3/5] 在馆    
8 0475319   204753196   密集书库/ [索取号:I106.3/5] 在馆    
9 0786905   207869056   密集书库/ [索取号:I106.3/5] 在馆    
唐山师范学院图书馆 欢迎您!
大连网信软件有限公司© 版权所有